Οι αλλαγές στην οικονομία και στην ταξική διάρθρωση της ελληνικής κοινωνίας, 1980-1994

Αποθηκεύτηκε σε:
Λεπτομέρειες βιβλιογραφικής εγγραφής
Συγγραφή απο Οργανισμό/Αρχή: Κέντρο Μαρξιστικών Ερευνών
Μορφή: Βιβλίο
Γλώσσα:Greek
Δημοσίευση: Αθήνα : Σύγχρονη Εποχή, 1996
Θέματα:
Ετικέτες: Προσθήκη ετικέτας
Δεν υπάρχουν, Καταχωρήστε ετικέτα πρώτοι!

MARC

LEADER 00000cam a2200000 i 4500
001 1/4001
008 000524s1996 gre d
020 |a 960-224-769-X 
035 |l 10061000 
040 |a GR-MY-UA  |b gre  |e aacr 
041 0 |a gre 
082 0 |a 330.9495 
110 2 |a Κέντρο Μαρξιστικών Ερευνών. 
245 1 3 |a Οι αλλαγές στην οικονομία και στην ταξική διάρθρωση της ελληνικής κοινωνίας, 1980-1994 /  |c Κέντρο Μαρξιστικών Ερευνών 
260 |a Αθήνα :   |b Σύγχρονη Εποχή,   |c 1996 
300 |a 309 σ. 
651 0 |a Greece  |x Economic conditions  |y 1974- 
651 0 |a Greece  |x Social conditions  |y 1974- 
650 0 0 |a Social classes  |z Greece. 
852 |a INST  |b LESVOS  |e 20000524  |h 330.9495 ΚΕΝ  |p 005100024190  |q 005100024190  |t BK  |y 4  |x 20000614 
901 |a BIBL1-2000-2 
920 |a ΕΡΓΑΣΤΗΡΙΟ ΠΟΛΙΤΙΣΜΙΚΗΣ ΕΠΙΚΟΙΝΩΝΙΑΣ ΚΑΙ ΤΕΚΜΗΡΙΩΣΗΣ  |y ΛΕΣΒΟΣ  |z 2000-05 
970 |a ΚΑΜΑΤΣΟΥ  |b ΔΕΣΠΟΙΝΑ  |z 2000/05/24